Secrets d'Etat : Pouvoirs et renseignement dans le monde contemporain (notice n° 2152549)

détails MARC
000 -LEADER
fixed length control field 02137cam a2200157 4500500
005 - DATE AND TIME OF LATEST TRANSACTION
control field 20260405032136.0
041 ## - LANGUAGE CODE
Language code of text/sound track or separate title fre
042 ## - AUTHENTICATION CODE
Authentication code dc
100 10 - MAIN ENTRY--PERSONAL NAME
Personal name Forcade, Olivier
Relator term author
245 00 - TITLE STATEMENT
Title Secrets d'Etat : Pouvoirs et renseignement dans le monde contemporain
260 ## - PUBLICATION, DISTRIBUTION, ETC.
Name of publisher, distributor, etc. Armand Colin,<br/>
Date of publication, distribution, etc. 2005.<br/>
520 ## - SUMMARY, ETC.
Summary, etc. Espionnage, secret d’État, action clandestine: alors même que la transparence est à l’ordre du jour, il subsiste une part secrète de l’action de l’État et du fonctionnement des sociétés contemporaines. Ce n’est pas seulement de la face voilée de l’action étatique ou humaine que ce livre entend parler, mais de toute une économie secrète de l’action privée et de la décision publique, justifiée par l’intérêt national ou individuel, dans l’ordre de la politique, de la diplomatie et du commerce.Cet ouvrage cherche à retracer les étapes de l’émergence et de l’installation, au cœur des États, d’une fonction du renseignement dont les sociétés contemporaines ne peuvent plus se défaire. Reposant sur l’apport des travaux de recherche les plus récents, il n’est pas seulement une synthèse sur le secret dans le monde contemporain mais une réflexion sur l’apport du renseignement à la compréhension des sociétés de notre temps.Olivier Forcade est maître de conférences en histoire contemporaine à l’Université Jules Verne d’Amiens. Il a notamment publié, en collaboration, L’Exploitation du renseignement en Europe et aux États-Unis des années 1930 aux années 1960, Economica, 2001.Sébastien Laurent est maître de conférences en histoire contemporaine à l’Université Michel de Montaigne de Bordeaux 3 et à l’IEP de Paris. Chargé d’études au Service historique de la défense, il a notamment publié «Archives secrètes», secrets d’archives&amp;#8239;? Historiens et archivistes face aux archives sensibles, CNRS-Éditions, 2003.
700 10 - ADDED ENTRY--PERSONAL NAME
Personal name Laurent, Sébastien
Relator term author
700 10 - ADDED ENTRY--PERSONAL NAME
Personal name Laurent, Sébastien-Yves
Relator term author
856 41 - ELECTRONIC LOCATION AND ACCESS
Uniform Resource Identifier <a href="https://shs.cairn.info/secrets-detat--9782200265366?lang=fr&redirect-ssocas=7080">https://shs.cairn.info/secrets-detat--9782200265366?lang=fr&redirect-ssocas=7080</a>

Pas d'exemplaire disponible.

PLUDOC

PLUDOC est la plateforme unique et centralisée de gestion des bibliothèques physiques et numériques de Guinée administré par le CEDUST. Elle est la plus grande base de données de ressources documentaires pour les Étudiants, Enseignants chercheurs et Chercheurs de Guinée.

Adresse

627 919 101/664 919 101

25 boulevard du commerce
Kaloum, Conakry, Guinée

Réseaux sociaux

Powered by Netsen Group @ 2025